Programa para el diseño de alcantarillas para carreteras

Uloženo v:
Podrobná bibliografie
Hlavní autor: Villalobos Gómez, Douglas
Médium: Neznámo
Vydáno: [San José, Costa Rica] 1974
Témata:
Tagy: Přidat tag
Žádné tagy, Buďte první, kdo vytvoří štítek k tomuto záznamu!

MARC

LEADER 00000 a2200000 4500
003 011469
005 20221231143821.0
008 140114s1974 cr a m 000 ||s d
040 |c cru CEDI 
090 |a TFG 551 
100 |a Villalobos Gómez, Douglas  |9 16689 
245 |a Programa para el diseño de alcantarillas para carreteras 
260 |c 1974  |a [San José, Costa Rica] 
300 |a  63 hojas : cuadros, gráficos  
500 |a  Tesis (Ingeniero Civil) Universidad de Costa Rica.  
650 |x ALCANTARILLAS - DISEÑO Y CONSTRUCCION  |x DESAGUES CLOACALES - DISEÑO   |9 16690 
942 |c TFG 
999 |c 12427  |d 12427